000 00857cam a2200253 a 4500
001 3873354
003 ARRUPE
005 20141002150128.0
008 890227s1989 mou b 000 0 eng
010 _a 89040240
020 _a0940989557 :
_c$9.95
040 _aDLC
_cDLC
_dDLC
050 0 0 _aBX2350.2
_b.M3817 1989
082 0 0 _a248.4/82
_220
100 1 _aMcGinnis, James B.
_911977
245 1 0 _aJourney into compassion :
_ba spirituality for the long haul /
_cJames McGinnis.
260 _aSt. Louis, MO :
_bInstitute for Peace and Justice ;
_aBloomington, IN :
_bMeyer Stone Books,
_cc1989.
300 _axii, 148 p. ;
_c22 cm.
504 _aBibliography: p. 141-148.
600 1 0 _aMcGinnis, James B.
_911978
650 0 _aSpiritual life
_xCatholic Church.
_911979
906 _a7
_bcbc
_corignew
_d3
_eocip
_f19
_gy-gencatlg
942 _2lcc
_cMONOGRAPH
999 _c121049
_d121049